000 00615nam a2200193Ia 4500
003 GCL
008 140319s9999 xx 000 0 ara d
040 _aGCL /
_cGCL
082 0 4 _a370.962
_bا ن
100 1 _aاحمد اسماعيل حجى
245 1 0 _aنظام التعليم فى مصر /
_cاحمد اسماعيل حجى
260 _aالقاهرة :
_bدار النهضة العربية ،
_c1991
300 _a555 ص ؛
_c24 سم
490 _a
650 0 4 _aالتعليم
650 0 4 _aالتعليم - تاريخ
650 0 4 _aالتعليم - مصر - العصر الحديث
942 _2ddc
_cBK
999 _c36972
_d36972